[Event "31st Liechtenstein Open 2013"]
[Site "Triesen LIE"]
[Date "2013.05.05"]
[Round "3.7"]
[White "Sedina,E"]
[Black "Willemsma,A"]
[Result "1-0"]
[WhiteElo "2321"]
[BlackElo "2121"]

1.e4 e6 2.d4 d5 3.Nc3 Nf6 4.e5 Nfd7 5.f4 c5 6.Nf3 Nc6 7.Be3 a6 8.Qd2 b5 9.dxc5 Bxc5
10.Bxc5 Nxc5 11.Qf2 Qb6 12.Bd3 b4 13.Ne2 Nxd3+ 14.cxd3 Qxf2+ 15.Kxf2 Bd7
16.Rhc1 Ke7 17.Rc5 Rhc8 18.Rac1 h6 19.Ke3 Kd8 20.Nfd4 Ne7 21.g4 Rcb8 22.Nb3 Rb6
23.Ned4 g5 24.fxg5 hxg5 25.Nf3 Nc6 26.d4 Ke7 27.Nxg5 a5 28.Rf1 Be8 29.h4 a4
30.Nd2 Na5 31.Nxf7 Rc6 32.Rxc6 Bxc6 33.Nd6 Rg8 34.g5 Rh8 35.Rf7+ Kd8 36.g6 Rxh4
37.g7  1-0

[Event "31st Liechtenstein Open 2013"]
[Site "Triesen LIE"]
[Date "2013.05.07"]
[Round "5.24"]
[White "Zahn,Alina"]
[Black "Willemsma,A"]
[Result "1/2-1/2"]
[WhiteElo "1935"]
[BlackElo "2121"]

1.e4 e6 2.d4 d5 3.Nc3 Nf6 4.e5 Nfd7 5.f4 c5 6.Nf3 Nc6 7.Be3 Be7 8.Qd2 O-O
9.Bd3 f6 10.O-O fxe5 11.fxe5 cxd4 12.Nxd4 Ndxe5 13.Rxf8+ Bxf8 14.Rf1 Nxd3
15.Qxd3 e5 16.Nxc6 bxc6 17.Ne4 a5 18.Ng5 e4 19.Qc3 Qe8 20.Bd4 h6 21.Nf7 Ba6
22.Rf2 c5 23.Nxh6+ gxh6 24.Qg3+ Kh7 25.Qc7+ Be7 26.Bf6 Qd8 27.Qxe7+ Qxe7
28.Bxe7 Re8 29.Bh4 Re6 30.Rf5 e3 31.Be1 a4 32.g4 Rd6 33.Kg2  1/2-1/2

[Event "Oceania Open zt 2013"]
[Site "Nadi FIJ"]
[Date "2013.05.08"]
[Round "7.6"]
[White "Lekkas,Frank"]
[Black "Zelesco,Karl"]
[Result "1-0"]
[WhiteElo "2045"]
[BlackElo "2169"]

1.e4 e6 2.d4 d5 3.Nc3 Nf6 4.e5 Nfd7 5.f4 c5 6.Nf3 Nc6 7.Be3 Be7 8.Qd2 O-O
9.dxc5 Nxc5 10.O-O-O a6 11.Nd4 Bd7 12.Bd3 b5 13.Qf2 Qa5 14.Nxc6 Nxd3+ 15.Rxd3 Bxc6
16.Bb6 Qb4 17.Rd4 a5 18.Rxb4 axb4 19.Nb1 Rxa2 20.Bc5 Bxc5 21.Qxc5 Rc8 22.Qxb4 Ra4
23.Qd2 d4 24.Re1 Bd5 25.Na3 h6 26.g3 g6 27.Qd3 Rc5 28.g4 Kg7 29.f5 b4 30.Qxd4 Rca5
31.Nc4 Bxc4 32.f6+ Kh7 33.Qxc4 Rd5 34.b3 Ra1+ 35.Kb2 Rxe1 36.Qxb4 Rd8 37.Qxe1 h5
38.gxh5 gxh5 39.Qe4+ Kh8 40.Qh4 Rc8 41.Qxh5+ Kg8 42.Qg5+ Kf8 43.Qg7+ Ke8
44.Qg8+ Kd7 45.Qxc8+  1-0

[Event "Deltalift Open 2013"]
[Site "Halmstad SWE"]
[Date "2013.05.09"]
[Round "1"]
[White "Olofsson-Dolk,Mattis"]
[Black "Pantzar,Milton"]
[Result "0-1"]
[WhiteElo "2088"]
[BlackElo "1698"]

1.e4 e6 2.d4 d5 3.Nc3 Nf6 4.e5 Nfd7 5.f4 c5 6.Nf3 Nc6 7.Be3 Qb6 8.Na4 Qa5+
9.c3 cxd4 10.b4 Qc7 11.Nxd4 a6 12.Bd3 b5 13.Nb2 Nb6 14.O-O Nc4 15.Qe2 Nxe3
16.Qxe3 Nxd4 17.Qxd4 Bd7 18.a4 Rc8 19.Rfc1 Be7 20.axb5 Bxb5 21.Bxb5+ axb5
22.Ra7 Qc6 23.Nd1 Bd8 24.Kh1 Bb6 25.Ra6 Bxd4 26.Rxc6 Rxc6 27.Ra1 Bb6 28.Ra8+ Bd8
29.Rb8 Rb6 30.Ra8 O-O  0-1

[Event "31st Liechtenstein Open 2013"]
[Site "Triesen LIE"]
[Date "2013.05.09"]
[Round "7.3"]
[White "Meng,R"]
[Black "Van der Weide,K"]
[Result "1/2-1/2"]
[WhiteElo "2308"]
[BlackElo "2448"]

1.e4 e6 2.d4 d5 3.Nc3 Nf6 4.e5 Nfd7 5.f4 c5 6.Nf3 Nc6 7.Be3 Be7 8.Qd2 O-O
9.Be2 a6 10.O-O b5 11.Nd1 Qb6 12.c3 a5 13.a3 a4 14.Bd3 Na5 15.Qf2 Nc4 16.f5 exf5
17.Bxf5 cxd4 18.cxd4 Qd8 19.Qg3 Nxe3 20.Nxe3 Nb6 21.Qg4 Nc4 22.Nxc4 bxc4
23.e6 Bf6 24.Ne5 Bxe6 25.Bxe6 fxe6 26.Qxe6+ Kh8 27.Nf7+ Rxf7 28.Qxf7 Bxd4+
29.Kh1 Bxb2 30.Rad1 Bxa3 31.Rxd5 Qg8 32.Qf3 Bb2 33.Rf5 Bf6 34.Qa3  1/2-1/2

[Event "Deltalift Open 2013"]
[Site "Halmstad SWE"]
[Date "2013.05.10"]
[Round "5"]
[White "Ziegler,A"]
[Black "Brynell,S"]
[Result "0-1"]
[WhiteElo "2349"]
[BlackElo "2473"]

1.e4 e6 2.d4 d5 3.Nc3 Nf6 4.e5 Nfd7 5.f4 c5 6.Nf3 Nc6 7.Be3 cxd4 8.Nxd4 Bc5
9.Qd2 O-O 10.O-O-O a6 11.Qf2 Qe7 12.Bd3 f6 13.Nxc6 bxc6 14.Bxc5 Qxc5 15.Qxc5 Nxc5
16.exf6 gxf6 17.Rhe1 a5 18.Re3 Ra7 19.Ne2 Rg7 20.g3 Re7 21.Nd4 Rc7 22.Bf1 Bd7
23.Bg2 Rb8 24.Ra3 Ra7 25.Re1 Rb4 26.Nf3 Kf7 27.Bf1 Ke7 28.c3 Ra4 29.Rxa4 Nxa4
30.Bd3 h6 31.Bc2 Nc5 32.g4 Kd6 33.h4 Ra8 34.g5 fxg5 35.fxg5 hxg5 36.hxg5 Rf8
37.Ne5 Rf2 38.Nxd7 Nxd7 39.Rg1 Rf7 40.g6 Rg7 41.Rg4 e5 42.Ra4 e4 43.Rxa5 Rxg6
44.b4 Ne5 45.Bd1 Rg2 46.Ra8 e3 47.Re8 Rxa2  0-1

[Event "5th Alexander The Great Open 2013"]
[Site "Porto Carras GRE"]
[Date "2013.05.11"]
[Round "6.6"]
[White "Ladopoulos,D"]
[Black "Antic,De"]
[Result "0-1"]
[WhiteElo "2100"]
[BlackElo "2473"]

1.e4 e6 2.d4 d5 3.Nc3 Nf6 4.e5 Nfd7 5.f4 c5 6.Nf3 Nc6 7.Be3 Be7 8.Qd2 O-O
9.Be2 a6 10.O-O b5 11.Nd1 b4 12.Nf2 a5 13.c4 dxc4 14.Bxc4 Nb6 15.Bb5 Nxd4
16.Nxd4 cxd4 17.Qxd4 Nd5 18.Bc6 Nxe3 19.Qxe3 Ra6 20.Bf3 Qb6 21.Qxb6 Rxb6
22.Rac1 b3 23.a3 Ba6 24.Rfd1 Rbb8 25.Ne4 Rfc8 26.Rc3 Rxc3 27.Nxc3 g5 28.g3 gxf4
29.gxf4 Rc8 30.Na4 Rc2 31.Rd7 Bh4 32.Bd1 Bb5 33.Bxc2 bxc2 34.Rc7 Bxa4  0-1

[Event "31st Liechtenstein Open 2013"]
[Site "Triesen LIE"]
[Date "2013.05.11"]
[Round "9.10"]
[White "Meng,R"]
[Black "Kelecevic,N"]
[Result "1/2-1/2"]
[WhiteElo "2308"]
[BlackElo "2254"]

1.e4 e6 2.d4 d5 3.Nc3 Nf6 4.e5 Nfd7 5.f4 c5 6.Nf3 Nc6 7.Be3 a6 8.Qd2 Qc7
9.g3 b6 10.Bg2 Be7 11.O-O O-O 12.Kh1 Bb7 13.Ne2 cxd4 14.Nfxd4 Nxd4 15.Nxd4 Nc5
16.c3 b5 17.Qe2 Ne4 18.a3 Rfe8 19.Rae1 Bc8 20.Qg4 f5 21.exf6 Bxf6 22.Qd1 Bd7
23.Nf3 Bc6 24.Bd4 a5 25.Bxf6 gxf6 26.Nd4 f5 27.g4 Bd7 28.gxf5 exf5 29.Bxe4 Rxe4
30.Rg1+ Kf8 31.Rxe4 fxe4 32.Qh5 Qxf4 33.Qxh7 Bg4 34.Qh8+ Kf7 35.Qh7+ Kf8
36.h4 Ra6 37.Qh8+ Kf7 38.Qh7+ Kf8 39.Qh8+ Kf7 40.Qh7+  1/2-1/2

[Event "10th Orlova Open"]
[Site "Orlova CZE"]
[Date "2013.05.14"]
[Round "2.19"]
[White "Chwastek,O"]
[Black "Bausano,Michael"]
[Result "1/2-1/2"]
[WhiteElo "1904"]
[BlackElo "1772"]

1.e4 e6 2.d4 d5 3.Nc3 Nf6 4.e5 Nfd7 5.Nf3 c5 6.Ne2 cxd4 7.Nexd4 Bc5 8.c3 Nc6
9.Nxc6 bxc6 10.Bd3 Qc7 11.Qe2 Rb8 12.O-O Qb6 13.Rb1 O-O 14.Bxh7+ Kxh7 15.Ng5+ Kg6
16.Qd3+ f5 17.exf6 Kxf6 18.Nh7+ Kf7 19.Ng5+  1/2-1/2

[Event "10th Orlova Open"]
[Site "Orlova CZE"]
[Date "2013.05.18"]
[Round "6.17"]
[White "Chwastek,O"]
[Black "Horvath,Tomas"]
[Result "1/2-1/2"]
[WhiteElo "1904"]
[BlackElo "1475"]

1.e4 e6 2.d4 d5 3.Nc3 Nf6 4.e5 Nfd7 5.Nf3 c5 6.Be3 Nc6 7.Bb5 cxd4 8.Bxd4 Qc7
9.O-O a6 10.Bxc6 bxc6 11.Ne2 c5 12.Be3 Nxe5 13.Nxe5 Qxe5 14.c3 Be7 15.Qa4+ Bd7
16.Qa5 O-O 17.Rfe1 Bb5 18.Ng3 Qd6 19.Rad1 c4 20.Qb6 Qxb6 21.Bxb6 Bg5 22.Ne2 Rfb8
23.Bc7 Rb7 24.Bf4 Bxf4 25.Nxf4 Ba4 26.Rd2 Rab8 27.Ree2 Bc6 28.f3 Kf8 29.Kf2  1/2-1/2

[Event "BSG Pinkstertoernooi 2013"]
[Site "Bussum NED"]
[Date "2013.05.19"]
[Round "5.13"]
[White "Van der Zon,S"]
[Black "Witt,Rob"]
[Result "1-0"]
[WhiteElo "1837"]
[BlackElo "2240"]

1.e4 e6 2.d4 d5 3.Nc3 Nf6 4.e5 Nfd7 5.f4 c5 6.Nf3 Nc6 7.Be3 Qb6 8.Na4 Qa5+
9.c3 cxd4 10.b4 Nxb4 11.cxb4 Bxb4+ 12.Bd2 Bxd2+ 13.Nxd2 O-O 14.Bd3 b5 15.Nb2 Nb6
16.O-O Nc4 17.Nb3 Qa3 18.Qh5 g6 19.Qh6 Nxb2 20.Rf3 Nxd3 21.Rh3 Re8 22.Qxh7+ Kf8
23.Qh4 Nxf4 24.Qxf4 Ke7 25.Qf6+ Kd7 26.Nxd4 Qa6 27.Rh7 Rf8 28.Rf1  1-0

[Event "Gligoric Cup 2013"]
[Site "Banja Koviljaca SRB"]
[Date "2013.05.21"]
[Round "2.3"]
[White "Govedarica,R"]
[Black "Maksimovic,Br"]
[Result "1/2-1/2"]
[WhiteElo "2417"]
[BlackElo "2420"]

1.e4 e6 2.d4 d5 3.Nc3 Nf6 4.e5 Nfd7 5.f4 c5 6.Nf3 Nc6 7.Be3 Be7 8.Qd2 O-O
9.dxc5 Bxc5 10.Bxc5 Nxc5 11.O-O-O Bd7 12.Nd4 Qa5 13.Kb1 Rac8 14.h4 Nxd4 15.Qxd4 Na4
16.Nxa4 Bxa4 17.b3 Bb5 18.Bxb5 Qxb5 19.a4 Qc5 20.Qxc5 Rxc5 21.Rh3 Rfc8 22.Rd2 h5
23.Kb2 Kf8 24.Rg3 a6 25.Rg5 g6 26.Rg3 Ke7 27.c3 a5 28.Rgd3 b6 29.g3 R5c7
30.Rc2 Rc5 31.Kc1 R8c7 32.Kd2 Rc8 33.Rb2 R8c7 34.Rc2 Rc8 35.Rd4 R5c7 36.Kd3 Rc5
37.c4 R5c7 38.Rb2 Rc5 39.Rc2 R5c7  1/2-1/2

[Event "22nd TCh-CRO Cup 2013"]
[Site "Bol na Bracu CRO"]
[Date "2013.05.23"]
[Round "3.11"]
[White "Saric,Iv"]
[Black "Lalic,B"]
[Result "1-0"]
[WhiteElo "2622"]
[BlackElo "2493"]

1.e4 e6 2.d4 d5 3.Nc3 Nf6 4.e5 Nfd7 5.f4 c5 6.Nf3 Nc6 7.Be3 cxd4 8.Nxd4 Qb6
9.Qd2 Qxb2 10.Rb1 Qa3 11.Bb5 Nxd4 12.Bxd4 a6 13.Bxd7+ Bxd7 14.Rb3 Qe7 15.Rxb7 Qh4+
16.Bf2 Qd8 17.Bb6 Qc8 18.Rc7 Qd8 19.Qd4 Rc8 20.Rc6 Qh4+ 21.g3 Qe7 22.Rxc8+ Bxc8
23.Kd2 f5 24.Rb1 g5 25.Ba5 Qc5 26.Qxc5 Bxc5 27.fxg5 Kd7 28.Na4 Bd4 29.Bc3 Ba7
30.Nb6+ Kc6 31.Bd4 a5 32.c3 Ba6 33.Na4 Rb8 34.Rxb8 Bxb8 35.h4 Bc8 36.h5 Bc7
37.g6 hxg6 38.hxg6  1-0

[Event "TCh-POL Ekstraliga 2013"]
[Site "Wroclaw POL"]
[Date "2013.05.24"]
[Round "1"]
[White "Szelag,M"]
[Black "Sieciechowicz,M"]
[Result "0-1"]
[WhiteElo "2501"]
[BlackElo "2449"]

1.e4 e6 2.d4 d5 3.Nc3 Nf6 4.e5 Nfd7 5.f4 c5 6.Nf3 Nc6 7.Be3 a6 8.Qd2 b5 9.dxc5 Bxc5
10.Bxc5 Nxc5 11.Qf2 Qb6 12.Bd3 Rb8 13.O-O Na4 14.Nd1 O-O 15.Ne3 Nxb2 16.Kh1 Nxd3
17.cxd3 d4 18.Ng4 Ne7 19.Qh4 Nf5 20.Qh5 Bb7 21.Nh4 Nxh4 22.Qxh4 Rbc8 23.Rf2 Qd8
24.Qg3 Kh8 25.Rg1 Rc3 26.Re2 Qe7 27.h3 Rfc8 28.Kh2 b4 29.Rf1 Rc2 30.Rff2 Rxe2
31.Rxe2 a5 32.Qf2 h5 33.Nf6 gxf6 34.Qh4 Kg7 35.Rf2 Rc5 36.Qxh5 f5 37.g4 fxg4
38.hxg4 Rc1 39.f5 exf5 40.Qxf5 Rh1+ 41.Kg3 Qh4+  0-1

[Event "XV Foment Martinenc"]
[Site "Barcelona ESP"]
[Date "2013.05.25"]
[Round "6.1"]
[White "Lopez Perdomo,J"]
[Black "Almeida Toledano,D"]
[Result "1/2-1/2"]
[WhiteElo "2090"]
[BlackElo "2326"]

1.e4 e6 2.d4 d5 3.Nc3 Nf6 4.e5 Nfd7 5.f4 c5 6.Nf3 Nc6 7.dxc5 Bxc5 8.Bd3 f6
9.Nh4 O-O 10.Qh5 f5 11.g4 Ndxe5 12.fxe5 Nxe5 13.Bg5 Qb6 14.O-O-O g6 15.Nxg6 Be3+
16.Kb1 hxg6 17.Qh6 Bxg5 18.Qxg5 Qd8 19.Qh6 f4 20.Bxg6 Qe7 21.Rhe1 Nxg6 22.Qxg6+ Qg7
23.Qh5 Bd7 24.Re5 Be8 25.Qg5 Qxg5 26.Rxg5+ Kf7 27.Rf1 Ke7 28.Rg7+ Kd6 29.h4 f3
30.h5 Bc6 31.Nd1 e5 32.Rg6+ Kc5 33.c3 a5 34.Nf2 e4 35.Nd1 Bb5 36.Rf2 e3 37.Nxe3 Bd3+
38.Kc1 Bxg6 39.hxg6 Rf4 40.g7 Rg8 41.Nf5 Rxg4 42.Rxf3 Rg2 43.Rh3 Re8 44.Kd1 Re5
45.Rf3 b5 46.Rf2 Rg5 47.b3 b4 48.Kc2 Re6 49.cxb4+ axb4 50.Kd3 Rf6 51.Rc2+ Kb6
52.Rc8 Rfxf5 53.g8=Q Rf3+ 54.Kd4 Rf4+ 55.Kd3 Rf3+  1/2-1/2

[Event "22nd TCh-CRO Cup 2013"]
[Site "Bol na Bracu CRO"]
[Date "2013.05.25"]
[Round "5.131"]
[White "Bertusi,M"]
[Black "Goric,E"]
[Result "1/2-1/2"]
[WhiteElo "1982"]
[BlackElo "2349"]

1.e4 e6 2.d4 d5 3.Nc3 Nf6 4.e5 Nfd7 5.f4 c5 6.Nf3 Nc6 7.Be3 cxd4 8.Nxd4 Nxd4
9.Bxd4 Nb8 10.Bb5+ Nc6 11.O-O Bd7 12.Bf2 Rc8 13.Bxc6 bxc6 14.a4 Be7 15.Bxa7 Qa5
16.Bf2 Rb8 17.Qc1 O-O 18.Ne2 c5 19.b3 Rfc8 20.Qd1 Bc6 21.Ng3 g6 22.Qg4 Kh8
23.Be1 Qd8 24.Bd2 d4 25.Rad1 Qd5 26.Qf3 Qxf3 27.gxf3 d3 28.Rc1 dxc2 29.Rxc2 Rxb3
30.Ne4 Bxa4 31.Rcc1 Rd3 32.Bb4 Rd4 33.Ba3 Bb5 34.Rf2 Kg7 35.Kg2 Ra4 36.Nxc5 Rxa3
37.Nxe6+ fxe6 38.Rxc8 Ra7 39.Rb2 Bd7 40.Rcc2 g5 41.fxg5 Bxg5 42.Ra2 Rxa2
43.Rxa2 Bc6 44.Kg3 Kg6 45.Ra7 Bd2 46.Ra2 Bh6 47.Ra7 Bd5 48.h4 Bd2 49.h5+ Kxh5
50.Rxh7+ Kg5 51.Rf7 Be1+ 52.Kh3 Kh5 53.Rf8 Bb4 54.Rf6 Bc3 55.f4 Be4 56.Rf8 Be1
57.Rh8+ Kg6 58.Kg4 Bd3 59.Kf3 Kg7 60.Rd8 Bf5 61.Rd7+ Kf8 62.Rd1 Bh4 63.Rd7 Ke8
64.Ra7 Kd8 65.Rb7 Be7 66.Ra7 Bc5 67.Rb7 Bc2 68.Rf7 Bf5 69.Rb7 Kc8 70.Rf7 Bb6
71.Rg7 Bc7 72.Kg3 Kb7 73.Rd7 Kc6 74.Rd1 Ba5 75.Kh4 Bb4 76.Kg5 Be7+ 77.Kh6  1/2-1/2

[Event "TCh-SUI 2013"]
[Site "Switzerland SUI"]
[Date "2013.05.26"]
[Round "3.1"]
[White "Hommeles,T"]
[Black "Prusikin,M"]
[Result "1-0"]
[WhiteElo "2418"]
[BlackElo "2555"]

1.e4 e6 2.d4 d5 3.Nc3 Nf6 4.e5 Nfd7 5.f4 c5 6.Nf3 Nc6 7.Be3 a6 8.Qd2 Qb6
9.Na4 Qb4 10.Qxb4 Nxb4 11.Kd2 b6 12.c3 Nc6 13.Bd3 Be7 14.Raf1 O-O 15.g4 Bb7
16.Rhg1 c4 17.Bc2 b5 18.Nc5 Nxc5 19.dxc5 Rfd8 20.Kc1 Rac8 21.Rg3 Nb8 22.Rh3 g6
23.f5 Nd7 24.Ng5 Bxg5 25.Bxg5 Re8 26.fxg6 fxg6 27.Rxh7 Kxh7 28.Rf7+ Kg8 29.Rxd7 Bc6
30.Ra7 Ra8 31.Rxa8 Rxa8 32.Bxg6 Be8 33.Bc2 Kg7 34.Bf6+ Kh6 35.h4 Bg6 36.Bd1 Rc8
37.h5 Be4 38.g5+ Kh7 39.Be7 Bf5 40.Kd2 a5 41.Ke3 a4 42.a3 Kg7 43.Kf4 d4 44.cxd4 b4
45.axb4 a3 46.bxa3 c3 47.g6 Kh6 48.Bg5+ Kg7 49.Bb3 c2 50.Kg3 Ra8 51.a4 Rd8
52.Bxc2 Rxd4 53.Bxf5 exf5 54.c6 Rxb4 55.c7 Rc4 56.Bd8  1-0

[Event "6th Mayors Cup 2013"]
[Site "Mumbai IND"]
[Date "2013.05.29"]
[Round "1"]
[White "Timoshenko,G"]
[Black "Saurabh,K"]
[Result "1/2-1/2"]
[WhiteElo "2522"]
[BlackElo "2206"]

1.e4 e6 2.d4 d5 3.Nc3 Nf6 4.e5 Nfd7 5.f4 c5 6.Nf3 Nc6 7.Be3 Be7 8.Qd2 O-O
9.dxc5 Nxc5 10.O-O-O a6 11.Kb1 b5 12.Qf2 Na4 13.Nxa4 bxa4 14.a3 Rb8 15.Bc5 Bxc5
16.Qxc5 Qb6 17.Qxb6 Rxb6 18.Bd3 Bd7 19.c3 Rfb8 20.Rd2 Na5 21.Nd4 Nb3 22.Nxb3 axb3
23.Kc1 Bb5 24.Bb1 h5 25.Rd4 Kf8 26.Kd2 Ke7 27.Re1 g6 28.Re3 a5 29.Bd3 Bxd3
30.Rexd3 Rc6 31.Ra4 Rc5 32.Rdd4 f6 33.exf6+ Kxf6 34.Rd3 Rf8 35.Re3 Ke7 36.h4 Rfc8
37.Rd4 Kf6  1/2-1/2

[Event "6th Mayors Cup 2013"]
[Site "Mumbai IND"]
[Date "2013.05.31"]
[Round "4"]
[White "Kumaran,B"]
[Black "Swayams,M"]
[Result "0-1"]
[WhiteElo "2222"]
[BlackElo "2406"]

1.e4 e6 2.d4 d5 3.Nc3 Nf6 4.e5 Nfd7 5.Nce2 c5 6.c3 Nc6 7.f4 Be7 8.Nf3 O-O
9.g3 cxd4 10.cxd4 f6 11.Bg2 Qb6 12.a3 a5 13.b3 Kh8 14.Rf1 Qa7 15.g4 b6 16.g5 f5
17.Kf2 Ba6 18.Bb2 Rfc8 19.Qd2 Rc7 20.Rfe1 Rac8  0-1

[Event "6th Mayors Cup 2013"]
[Site "Mumbai IND"]
[Date "2013.06.01"]
[Round "5"]
[White "Akshayraj,K"]
[Black "Natarajan,C"]
[Result "1-0"]
[WhiteElo "2508"]
[BlackElo "2214"]

1.e4 e6 2.d4 d5 3.Nc3 Nf6 4.e5 Nfd7 5.f4 c5 6.Nf3 Nc6 7.Be3 cxd4 8.Nxd4 Bc5
9.Qd2 a6 10.O-O-O O-O 11.Kb1 Nxd4 12.Bxd4 Qc7 13.Bxc5 Nxc5 14.Qd4 b5 15.f5 Nd7
16.fxe6 fxe6 17.Nxd5 Qxe5 18.Ne7+ Kh8 19.Nxc8 Raxc8 20.Qxd7 Qc5 21.Bd3 b4
22.Qxe6 a5 23.Qe4 g6 24.Rhe1  1-0

[Event "Grand Europe Open Albena"]
[Site "Albena BUL"]
[Date "2013.06.04"]
[Round "4.18"]
[White "Paravyan,D"]
[Black "Nabaty,T"]
[Result "1-0"]
[WhiteElo "2373"]
[BlackElo "2579"]

1.e4 e6 2.d4 d5 3.Nc3 Nf6 4.e5 Nfd7 5.f4 c5 6.Nf3 Qb6 7.a3 cxd4 8.Nxd4 Nc6
9.Be3 Nxd4 10.Bxd4 Bc5 11.Bxc5 Nxc5 12.Qd4 Bd7 13.O-O-O Rc8 14.Kb1 O-O 15.g4 Rfd8
16.Bg2 Qa5 17.f5 Na4 18.Nxa4 Rc4 19.Qd2 Qxd2 20.Rxd2 Rxa4 21.Bxd5 exd5 22.Rxd5 Kf8
23.e6 Ke7 24.exd7 Rxd7 25.Re1+ Kd8 26.Red1 Rxd5 27.Rxd5+ Ke7 28.Rb5 b6 29.Rb4 Ra5
30.Rc4 Kd6 31.Rd4+ Rd5 32.Rxd5+ Kxd5 33.b4 Ke5 34.a4 h5 35.h3 hxg4 36.hxg4 Kd4
37.Kb2 Kc4 38.c3 f6 39.b5 Kd5 40.Kb3 Ke5 41.c4 Kd4 42.Kb4  1-0

[Event "Grand Europe Open Albena"]
[Site "Albena BUL"]
[Date "2013.06.06"]
[Round "6.36"]
[White "Nikolov,Sas"]
[Black "Baciu,D"]
[Result "0-1"]
[WhiteElo "2419"]
[BlackElo "2249"]

1.e4 e6 2.d4 d5 3.Nc3 Nf6 4.e5 Nfd7 5.f4 c5 6.Nf3 Nc6 7.Be3 a6 8.Be2 b5 9.O-O cxd4
10.Nxd4 Bc5 11.Bf3 Qb6 12.Nce2 O-O 13.a3 a5 14.c3 a4 15.Qe1 f6 16.exf6 Nxf6
17.Kh1 Na5 18.Rd1 Nc4 19.Bc1 Bd7 20.Ng3 Rae8 21.Nh5 Qc7 22.Nxf6+ Rxf6 23.Qe2 Kh8
24.Qc2 Ref8 25.Be2 Be8 26.g3 e5 27.fxe5 Bg6 28.exf6 Bxc2 29.fxg7+ Qxg7 30.Nxc2 Rxf1+
31.Bxf1 Qg4 32.Re1 Bf2 33.Re8+ Kg7 34.Kg2 Bc5 35.Bf4 h5 36.Nd4 Kf7 37.Re2 h4
38.h3 Qg6 39.Nf3 hxg3 40.Ng5+ Kg8 41.Re6 Qc2+ 42.Re2 Qf5 43.Re8+ Kg7 44.Bxc4 bxc4
45.Re5 Qxf4 46.Ne6+ Kf6 47.Nxf4 Kxe5 48.Ne2 Ke4 49.h4 Bd6 50.h5 Kd3 51.Nxg3 Be5
52.Nf5 Kc2 53.Ne3+ Kxb2 54.Nxd5 Kxa3 55.Kf3 Kb3 56.Ke4 a3 57.Kxe5 a2  0-1

[Event "3rd Ortega Rating"]
[Site "Ortega COL"]
[Date "2013.06.07"]
[Round "1.1"]
[White "Hevia,A"]
[Black "Palomino,Daniel Fernando"]
[Result "1-0"]
[WhiteElo "2498"]
[BlackElo "1784"]

1.e4 e6 2.d4 d5 3.Nc3 Nf6 4.e5 Nfd7 5.f4 c5 6.Nf3 Nc6 7.Be3 cxd4 8.Nxd4 Bc5
9.Qd2 a6 10.O-O-O Nxd4 11.Bxd4 b5 12.Ne4 Be7 13.Ng5 Nc5 14.Bd3 Qc7 15.Kb1 h6
16.Nf3 Bd7 17.g4 a5 18.f5 a4 19.f6 gxf6 20.exf6 Bd6 21.Rhe1 Bc6 22.Ne5 Nd7
23.Nxc6 Qxc6 24.g5 hxg5 25.Rxe6+ fxe6 26.f7+ Kxf7 27.Qxg5 Rag8 28.Rf1+ Ke8
29.Bg6+ Rxg6 30.Qxg6+ Kd8 31.Bxh8 Bxh2 32.Bc3 Qc4 33.Ba5+ Bc7 34.Qg8+ Ke7
35.Rf7+ Kd6 36.Qg3+ e5 37.Qg6+  1-0

[Event "XV Foment Martinenc"]
[Site "Barcelona ESP"]
[Date "2013.06.08"]
[Round "8.1"]
[White "Lopez Perdomo,J"]
[Black "Ramirez Garcia,J"]
[Result "0-1"]
[WhiteElo "2090"]
[BlackElo "2297"]

1.e4 e6 2.d4 d5 3.Nc3 Nf6 4.e5 Nfd7 5.f4 c5 6.Nf3 Nc6 7.Be3 cxd4 8.Nxd4 Qb6
9.Qd2 Qxb2 10.Rb1 Qa3 11.Bb5 Nxd4 12.Bxd4 a6 13.Rb3 Qe7 14.Bxd7+ Qxd7 15.O-O Qc6
16.Rb6 Qc4 17.Qf2 Be7 18.Rd1 O-O 19.Rd3 Rb8 20.Rb3 Bd7 21.Nd1 Bb5 22.Nb2 Qc7
23.Rg3 Rbc8 24.a4 Bc4 25.Rb6 Qd7 26.f5 Bh4 27.Rxg7+ Kxg7 28.Qxh4 Qd8 29.Qg4+ Kh8
30.Rxb7 Rg8 31.Qf4 Qg5 32.Qxg5 Rxg5 33.Rxf7 Rxf5 34.Rxf5 exf5 35.g3 Be2 36.Nd3 Bxd3
37.cxd3 Rc2 38.Bb6 Kg7 39.d4 Kg6 40.h3 Rd2 41.Kf1 Rh2 42.Kg1 Rxh3 43.Kg2 Rh6
44.Kf3 Rh2 45.Bd8 Rd2 46.Ke3 Rd1 47.a5 Kh5 48.Kf2 Rxd4  0-1

[Event "Zonal 3.4 2013"]
[Site "Osh KGZ"]
[Date "2013.06.11"]
[Round "4"]
[White "Takyrbashev,B"]
[Black "Asanov,Tu"]
[Result "1-0"]
[WhiteElo "2242"]
[BlackElo "2022"]

1.e4 e6 2.d4 d5 3.Nc3 Nf6 4.e5 Nfd7 5.f4 c5 6.Nf3 Nc6 7.Be3 Be7 8.Qd2 a6
9.Be2 b5 10.O-O Qc7 11.Nd1 cxd4 12.Nxd4 Nxd4 13.Bxd4 Nb6 14.b3 Bd7 15.Ne3 Bc5
16.c3 Rc8 17.Rac1 O-O 18.Bd3 f5 19.exf6 gxf6 20.Kh1 Qd8 21.Rce1 Rf7 22.Ng4 Bf8
23.Qf2 Na8 24.Qh4 e5 25.fxe5 fxe5 26.Nf6+ Kh8 27.Bxe5  1-0

[Event "DYTM Raja Nazrin Shah Masters"]
[Site "Kuala Lumpur MAS"]
[Date "2013.06.14"]
[Round "2.3"]
[White "Padmini,R"]
[Black "Murshed,N"]
[Result "1/2-1/2"]
[WhiteElo "2347"]
[BlackElo "2479"]

1.e4 e6 2.d4 d5 3.Nc3 Nf6 4.e5 Nfd7 5.f4 c5 6.Nf3 Nc6 7.Be3 Be7 8.Qd2 O-O
9.Be2 a6 10.O-O b5 11.a3 Bb7 12.Rad1 Qc7 13.dxc5 Nxc5 14.Nd4 Rac8 15.Kh1 Nxd4
16.Bxd4 Ne4  1/2-1/2

[Event "8th Teplice Open 2013"]
[Site "Teplice CZE"]
[Date "2013.06.15"]
[Round "1.69"]
[White "Ulanowski,K"]
[Black "Pavelka,Hubert Jan"]
[Result "1-0"]
[WhiteElo "2083"]
[BlackElo "1609"]

1.e4 e6 2.d4 d5 3.Nc3 Nf6 4.e5 Nfd7 5.f4 c5 6.Nf3 Nc6 7.Be3 Be7 8.Qd2 O-O
9.dxc5 Nxc5 10.O-O-O a6 11.Qf2 Nd7 12.g4 f6 13.exf6 Nxf6 14.Rg1 b5 15.g5 Ne8
16.Bd3 Nd6 17.Qh4 Nf5 18.Bxf5 Rxf5 19.Rg3 g6 20.Rh3 h5 21.Qg3 Kh7 22.Nh4 Rf7
23.f5 exf5 24.Nxd5 Bd6 25.Bf4  1-0

[Event "Portuguese Honra A 2013"]
[Site "Sintra POR"]
[Date "2013.06.16"]
[Round "9.2"]
[White "Amoes,Francisco"]
[Black "Reis,Luis Si"]
[Result "0-1"]
[WhiteElo "1915"]
[BlackElo "2008"]

1.e4 e6 2.d4 d5 3.Nc3 Nf6 4.e5 Nfd7 5.f4 c5 6.Nf3 Nc6 7.Be3 cxd4 8.Nxd4 Bc5
9.Qd2 a6 10.O-O-O Nxd4 11.Bxd4 Qc7 12.Qf2 b5 13.h4 b4 14.Ne2 a5 15.Qg3 Rg8
16.Qd3 g6 17.h5 Ba6 18.Qe3 Rc8 19.hxg6 hxg6 20.Bxc5 Nxc5 21.Nd4 Bxf1 22.Rdxf1 Ne4
23.Qd3 Qc4 24.Qxc4 Rxc4 25.Nb5 Rc5 26.Nd6+ Nxd6 27.exd6 Kd7 28.Rh7 Rf8 29.g4 Kxd6
30.f5 gxf5 31.gxf5 e5 32.Rh6+ f6 33.Rg1 e4 34.Kd2 Ke5 35.Rh5 Rfc8 36.Rg7 Rxc2+
37.Ke3 d4+  0-1

[Event "17th Petr Izmailov"]
[Site "Tomsk RUS"]
[Date "2013.06.16"]
[Round "6.29"]
[White "Tsydendambaev,A"]
[Black "Belogortsev,V"]
[Result "1-0"]
[WhiteElo "2070"]
[BlackElo "1952"]

1.e4 e6 2.d4 d5 3.Nc3 Nf6 4.e5 Nfd7 5.f4 c5 6.Nf3 Nc6 7.Be3 Be7 8.dxc5 Nxc5
9.Qd2 a6 10.O-O-O b5 11.Qf2 Nd7 12.Kb1 Bb7 13.Nd4 Qc7 14.f5 Nxd4 15.Bxd4 O-O-O
16.fxe6 fxe6 17.Qf7 Rde8 18.Qxg7 Bc5 19.Bxc5 Qxc5 20.Bd3 b4 21.Ne2 Qe3 22.Rhe1 Qxe5
23.Qg4 Qd6 24.Nd4 e5 25.Nf5 Qc5 26.Ng7 Re7 27.Bf5 Qd6 28.Bxd7+ Rxd7 29.Nf5 Qe6
30.Qh5 Qg6 31.Qh3 Re8 32.g4 Re6 33.Qg3 Qf6 34.Rf1 Qd8 35.Rde1 Qc7 36.Nd4 Re8
37.Rf6 Rde7 38.Nf5 Re6 39.g5 Rc6 40.Qg4 Kb8 41.Qxb4 Rxc2 42.Nd6 Rxh2 43.Nxe8 Qc2+
44.Ka1 Re2 45.a3 e4  1-0

[Event "7th Srebrno Jezero Open 2013"]
[Site "Srebrno jezero SRB"]
[Date "2013.06.17"]
[Round "6.6"]
[White "Stojanovic,Andj"]
[Black "Savicevic,V"]
[Result "1-0"]
[WhiteElo "2286"]
[BlackElo "2327"]

1.e4 e6 2.d4 d5 3.Nc3 Nf6 4.e5 Ng8 5.Nce2 b6 6.Ng3 Qd7 7.Nf3 Ba6 8.Bxa6 Nxa6
9.Qe2 Nb8 10.O-O Nc6 11.c3 Na5 12.b4 Nc4 13.Nd2 Nxd2 14.Bxd2 Ne7 15.a4 h5
16.Nxh5 Nf5 17.b5 c5 18.bxc6 Qxc6 19.Ng3 Nxg3 20.fxg3 Be7 21.Qg4 g6 22.Rf3 Rh5
23.Raf1 Rf5 24.Rxf5 exf5 25.Qe2 Qd7 26.h4 O-O-O 27.Re1 Bf8 28.Bg5 Re8 29.Qa6+ Kb8
30.Ra1 Re6 31.Qd3 Kb7 32.h5 gxh5 33.Qxf5 Rd6 34.Qf3 Rc6 35.Rf1 Bh6 36.Qxf7 Qxf7
37.Rxf7+  1-0

[Event "III Marcel Duchamp Boca Jun Op"]
[Site "Buenos Aires ARG"]
[Date "2013.06.24"]
[Round "4.18"]
[White "Gomez Camacho,Micaela"]
[Black "Quenallata,L"]
[Result "0-1"]
[WhiteElo "1777"]
[BlackElo "2168"]

1.e4 e6 2.d4 d5 3.Nc3 Nf6 4.e5 Nfd7 5.f4 c5 6.Nf3 Nc6 7.Be3 a6 8.Qd2 b5 9.dxc5 Bxc5
10.Bxc5 Nxc5 11.Ne2 Ne4 12.Qe3 Qa5+ 13.Nc3 Bd7 14.Be2 Rc8 15.O-O Nxc3 16.bxc3 Ne7
17.Nd4 Qxc3 18.Bd3 g6 19.Rae1 Qc5 20.Rf3 Nc6 21.Nxc6 Rxc6 22.Kf2 Ke7 23.g4 b4
24.Rh3 a5 25.Rb1 Qxe3+ 26.Kxe3 Rc3 27.Rb3 Rc7 28.Rb2 Rc3 29.Rb3 Rcc8 30.Rb2 h5
31.g5 Rc3 32.Kd4 Rhc8 33.Rf3 Bb5 34.Rf2 Bc4 35.Ke3 Ra3 36.Kd2 Bxa2  0-1

[Event "Mukachevo Summer"]
[Site "Mukachevo UKR"]
[Date "2013.06.28"]
[Round "6.2"]
[White "Kravets,I"]
[Black "Kovalev,De"]
[Result "0-1"]
[WhiteElo "2182"]
[BlackElo "2508"]

1.e4 e6 2.d4 d5 3.Nc3 Nf6 4.e5 Nfd7 5.f4 c5 6.Nf3 Nc6 7.Be3 cxd4 8.Nxd4 Bc5
9.Qd2 a6 10.O-O-O O-O 11.Kb1 Bxd4 12.Bxd4 b5 13.h4 b4 14.Na4 Qa5 15.b3 Nxd4
16.Qxd4 Bb7 17.h5 Rfc8 18.h6 g6 19.Bd3 Bc6 20.Nb2 Qc5 21.Be2 a5 22.Bf3 Bb5
23.Qxc5 Rxc5 24.Rd4 Rac8 25.Rc1 g5 26.g3 Rc3 27.Nd3 Nb8 28.fxg5 Nc6 29.Rf4 Bxd3
30.cxd3 Nxe5  0-1